000 00761nam a22002417a 4500
003 UA-OsUOA
001 78106
007 ta
008 20110930b un ||||| |||| 00| 0 ukr d
100 _aШульжук К.Ф.
090 _a811.161.1'367
_bШ95
942 _cBK
040 _aUA-OsUOA
_bukr
_cUA-OsUOA
_dUA-OsUOA
245 _aСкладне речення в українській мові
_bнавч. метод. посібник
300 _a136 с.
955 _a2
041 _aukr
080 _a811.161.1'367
020 _a5-330-00673-2
260 _aК.
_bРадянська школа
_c1989
650 7 _a8 Мовознавство. Художня література. Літературознавство
_2UDC
999 _c364410
_d364410